Letters from a Nut / (Record no. 5190)

MARC details
000 -LEADER
fixed length control field 02170nam a22003017a 4500
001 - CONTROL NUMBER
control field 5190
003 - CONTROL NUMBER IDENTIFIER
control field FISKH
005 - DATE AND TIME OF LATEST TRANSACTION
control field 20241118151252.0
008 - FIXED-LENGTH DATA ELEMENTS--GENERAL INFORMATION
fixed length control field 241118b cb ||||| |||| 00| 0 eng d
020 ## - INTERNATIONAL STANDARD BOOK NUMBER
International Standard Book Number 9780439173179
040 ## - CATALOGING SOURCE
Original cataloging agency FISKH
Language of cataloging eng
Transcribing agency FISKH
Modifying agency FISKH
050 ## - LIBRARY OF CONGRESS CALL NUMBER
Classification number PN6131.N36
082 ## - DEWEY DECIMAL CLASSIFICATION NUMBER
Classification number 816.54
100 ## - MAIN ENTRY--PERSONAL NAME
Personal name Nancy, Ted L .
245 ## - TITLE STATEMENT
Title Letters from a Nut /
Statement of responsibility, etc. by Ted L. Nancy : Introduction by Jerry Seinfeld
250 ## - EDITION STATEMENT
Edition statement First Scholastic printing , September 2000
260 ## - PUBLICATION, DISTRIBUTION, ETC.
Place of publication, distribution, etc. New York :
Name of publisher, distributor, etc. Scholastic ;
Date of publication, distribution, etc. 1997 .
300 ## - PHYSICAL DESCRIPTION
Extent 137 unnumbered pages :
Other physical details illustrations ;
Dimensions 24 cm .
490 ## - SERIES STATEMENT
Series statement Letters from a Nut
505 ## - FORMATTED CONTENTS NOTE
Formatted contents note U <br/>
520 ## - SUMMARY, ETC.
Summary, etc. Who is Ted L. Nancy? He's a superstitious Vegas high-roller who wants to gamble at a casino in his lucky shrimp outfit... He's the genius inventor of "Six Day Underwear"... He's a stage actor who only travels while dressed as a stick of butter... He is, in reality, a twisted prankster--a supremely off-kilter alter ego who sends patently ridiculous letters to corporate honchos, entertainment conglomerates, national publications, politicians, celebrities and heads of state. His innocent requests, queries, complaints, demands, and suggestions are so absurd it is amazing they fool anyone--but often the deadpan responses he receives are even more hilarious: "Dear Mr. Nancy, It is not often that we receive such enthusiastic support for the paper bag." --The Paper Bag Council "On behalf of Greyhound, there should be no problem traveling while in your butter costume." --Greyhound Bus Lines "I look forward to working with you to create a better future for this great nation." --Vice President Al Gore Letters From A Nut is an insanely inspired, truly madcap collection of Nancy correspondence, a wet-yourself-in-a-public place funny aggregation of official--and officially certifiable--requests, complaints, fan mail and questions that could not possibly have been taken seriously...but, amazingly, were.
521 8# - TARGET AUDIENCE NOTE
Target audience note 840 <br/>
Source Lexile <br/>
521 8# - TARGET AUDIENCE NOTE
Target audience note U <br/>
Source Raz-Plus <br/>
650 ## - SUBJECT ADDED ENTRY--TOPICAL TERM
Topical term or geographic name entry element letters
Form subdivision non-fiction
700 ## - ADDED ENTRY--PERSONAL NAME
Personal name Seinfeld, Jerry
Relator term Introducer
942 ## - ADDED ENTRY ELEMENTS (KOHA)
Source of classification or shelving scheme Dewey Decimal Classification
Koha item type Books
Suppress in OPAC No
Holdings
Withdrawn status Lost status Source of classification or shelving scheme Damaged status Not for loan Collection Home library Current library Shelving location Date acquired Total Checkouts Full call number Barcode Date last seen Price effective from Koha item type
    Dewey Decimal Classification     Fiction Footprints International School Library Network Toul Kork Campus Footprints International School Library Network Toul Kork Campus TTP Secondary Fiction Bookshelves 11/18/2024   NAN 816.54 PN6131.N36 FISSE01170 11/18/2024 11/18/2024 Books